000 00363nam a2200145Ia 4500
008 230917s9999||||xx |||||||||||||| ||und||
040 _e119877
_aMAIN
041 _aEnglish
082 _a541.3453 T599C
100 _aTompkins, F. C
245 0 _aChemisorption of gases on metals
260 _aLondon
_bAcademic press
_c1978
300 _a370p. p.
942 _cBK
999 _c196666
_d196666